Psicología de la creatividad /

Estudio sobre la creatividad, en el que son analizadas las dimensiones y características psicológicas de la conducta y el pensamiento creadores. Las funciones que pueden desempeñar el pensamiento y la motivación; las estrategias mentales que intervienen para liberar al pensador creativo de bloqueos...

Fuld beskrivelse

Guardado en:
Bibliografiske detaljer
Hovedforfatter: Romo, Manuela (autor)
Format: Bog
Sprog:spansk
Udgivet: Barcelona, España : Paidós, 1997, c1997
Serier:(Paidós Temas de Psicología ; 1)
Fag:
Tags: Tilføj Tag
Ingen Tags, Vær først til at tagge denne postø!

MARC

LEADER 00000nam^a2200000^a^4500
001 000157140
005 20250521000000.0
009 20260526124947.717
020 |a 84-493-0357-5 
037 |a Acervo ITESO - Biblioteca 
041 |a ESP 
082 |a 153. 35  |b ROM 
100 |a Romo, Manuela  |e (autor) 
245 1 0 |a Psicología de la creatividad /  |c M. Romo. 
264 4 |a Barcelona, España :  |b Paidós,  |c 1997, c1997 
300 |a 177 p. 
336 |a texto  |b txt  |2 rdacontenido 
337 |a sin mediación  |b n  |2 rdamedio 
338 |a volumen  |b nc  |2 rdasoporte 
440 1 |a (Paidós Temas de Psicología ;  |v 1) 
520 |a Estudio sobre la creatividad, en el que son analizadas las dimensiones y características psicológicas de la conducta y el pensamiento creadores. Las funciones que pueden desempeñar el pensamiento y la motivación; las estrategias mentales que intervienen para liberar al pensador creativo de bloqueos previos; el pensamiento analógico y el factor del azar son algunos de los puntos que destacan en este análisis psicológico de la creatividad. 
649 |a XX 
650 |a Creatividad 
650 |a Pensamiento 
650 |a Psicología Cognitiva 
650 |a Motivación 
650 |a Azar 
650 |a Psicología 
910 |a Fondo General 
920 |a Impresos - Libros 
930 |a Colección General 
905 |a 101 
901 |a 0500083924  |b IT1  |c ACC  |u 20250521 
901 |a 0500094418  |b IT1  |c ACC  |u 20250521 
902 |a https://opac.biblio.iteso.mx/vufind/Record/000157140